| 000 | 00494nam a22001697a 4500 | ||
|---|---|---|---|
| 008 | 211122b |||||||| |||| 00| 0 eng d | ||
| 020 | _a047185767X | ||
| 050 | _aQP171 .E58 1991 C.1 | ||
| 245 |
_aEnvironmental and mentabolic animal physiology _bComparative animal physiology _cC. Ladd Prosser |
||
| 250 | _a4th Ed. | ||
| 260 |
_aNew York _bWiley- Liss _c1991 |
||
| 300 | _aix, 578p | ||
| 650 | _aMetabolism | ||
| 650 | _aHomeostasis | ||
| 650 | _aAdaptation (Physiology) | ||
| 942 |
_2lcc _cBK |
||
| 999 |
_c19137 _d19136 |
||